000 00203 a2200097 4500
001 729
100 _aHenney
245 _aElectronic components handbook
260 _a
_bMcgrawhill
_c
090 _c325
_d325
942 _aNUST-CAE
_cM
_c25002
999 _c235802
_d235802